| 000 | 01015nam a22002657a 4500 | ||
|---|---|---|---|
| 999 |
_c1912 _d1912 |
||
| 003 | AR-CdUCM | ||
| 008 | 190228b ||||| |||| 00| 0 spa d | ||
| 040 |
_aMUNICIPALIDAD PROVINCIAL DEL CUSCO _cBIBLIOTECA MUNICIPAL DEL CUSCO |
||
| 082 |
_a323.485 / _bT95 |
||
| 100 |
_aTurpo Ch, Fortunato (compilador) _96986 |
||
| 245 | _aDerechos Humanos y Pueblos Indígenas / | ||
| 260 |
_aArequipa : _bCojpita , _c2000. |
||
| 300 |
_a285 páginas ; _c20 cm. |
||
| 505 | _aProcesos internacionales -- El convenio 169 de la OIT sobre pueblos indígenas y tribales en países de independencia -- Los derechos humanos y la defensoría del pueblo... | ||
| 650 |
_aDefensoría de pueblo. _96987 |
||
| 650 |
_aDerechos humanos. _93264 |
||
| 650 |
_aPueblos indígenas. _96988 |
||
| 700 |
_aSaldomando, Alberto _96989 |
||
| 700 |
_aSiverstsen, Lizbeth _96990 |
||
| 700 |
_aMaldonado, Horacio _96991 |
||
| 700 |
_aKreimer, Oswaldo _96992 |
||
| 700 |
_aTurpo, Fortunato _96993 |
||
| 942 |
_2ddc _cLIBROS |
||
| 945 |
_awfj _d2019-02-28 |
||